000 00403nam a2200145Ia 4500
005 20251222141913.0
008 251222s9999||||xx |||||||||||||| ||spa||
020 _a978-612-4077-86-9
082 _a342.005/G64
100 _aGonzález Álvarez, Roberto
245 0 _aConstitucionalismo y Proceso:
250 _a1a.ed.
264 _bARA Editores | Sociedad Peruana de Ciencias Jurídicas
942 _cLIB
999 _c8443
_d8443